Microsoft Windows Server 2008 (Record no. 318876)

MARC details
000 -LEADER
fixed length control field 00425nam a2200157Ia 4500
008 - FIXED-LENGTH DATA ELEMENTS--GENERAL INFORMATION
fixed length control field 230718s9999 xx 000 0 und d
041 ## - LANGUAGE CODE
Language code of text/sound track or separate title eng
082 ## - DEWEY DECIMAL CLASSIFICATION NUMBER
Classification number 005.2768
Item number RUE
100 ## - MAIN ENTRY--PERSONAL NAME
Personal name Ruest D.
245 ## - TITLE STATEMENT
Title Microsoft Windows Server 2008
Remainder of title The Complete Reference
260 ## - PUBLICATION, DISTRIBUTION, ETC. (IMPRINT)
Name of publisher, distributor, etc. Tata McGraw-Hill
300 ## - PHYSICAL DESCRIPTION
Extent 826
365 ## - TRADE PRICE
Currency code Rs.
Price amount 595.00
700 ## - ADDED ENTRY--PERSONAL NAME
Personal name Ruest D. & Ruest N.
9 (RLIN) 189981
906 ## - LOCAL DATA ELEMENT F, LDF (RLIN)
d B:458523-May-2008
c COMP
b 119
Holdings
Withdrawn status Lost status Damaged status Not for loan Home library Current library Date acquired Vendor Budget Code Cost, normal purchase price Bill number Total Checkouts Full call number Barcode Date last seen Date last checked out Discount Cost, replacement price Bill Date Koha item type Original Barcode
        Cummins College of Engineering for Women Pune Cummins College of Engineering for Women Pune 08/07/2008 Tbs COMP 476.00 4585 1 005.2768 CCEP-BK-30083 22/03/2024 08/03/2024 119 595.00 23/05/2008 Books 030083